01373cam a22003494i 4500003000900000005001700009008004100026020001500067035002700082040003300109082001900142100002700161245005800188264004100246300006700287336002100354337002500375338002300400505047500423526001000898526001000908526001000918526001000928526000800938526000800946526000800954526000800962526000800970526000800978526000800986650002900994PE-LiUPU20250731173150.0150623s r 000 0 d a0830730877 a(Sirsi) i9780830730872 aPE-LiUPUbspacPE-LiUPUerda04a269.2bB232211 aBarna, George,eautor.10aGrow your church from the outside in /cGeorge Barna. 1aVentura, California :bRegal,c2002. a176 páginas :bilustraciones, gráficos ;c24 centímetros atext2rdacontent aunmediated2rdamedia avolume2rdacarrier0 aThe crowd awaits. Sizing up the unchurched. Why people avoid church. A demographic profile of the unchurched. Values, attitudes and lifestyles. The faith of the unchurched. What the unchurched want from a church. Grabbing their attetion. Twelve misconceptions about ministry to the unchurched. How churches minister effectively to the unchurched. Making a commitment to a vision of the church. Research methodology. About gerge barna. About the barna reserch group, Ltd. aSEG42 aSEG41 aSEG40 aSEG39 aP94 aP87 aP86 aP85 aP77 aP76 aP3504aTrabajo evangelístico.